TU TU Main Main / (Record no. 194207)

000 -LEADER
fixed length control field 00407 a2200157 4500
003 - CONTROL NUMBER IDENTIFIER
control field Nust
005 - DATE AND TIME OF LATEST TRANSACTION
control field 20230712151025.0
040 ## - CATALOGING SOURCE
Transcribing agency Nust
082 ## - DEWEY DECIMAL CLASSIFICATION NUMBER
Classification number 891.427,BUT
100 ## - MAIN ENTRY--PERSONAL NAME
Personal name Doctor Muhammad Younas Butt
9 (RLIN) 111533
245 ## - TITLE STATEMENT
Title TU TU Main Main /
Statement of responsibility, etc. Dr Muhammad Younis Butt
260 ## - PUBLICATION, DISTRIBUTION, ETC.
Place of publication, distribution, etc. Lahore
Name of publisher, distributor, etc. Sang Meel
Date of publication, distribution, etc. 2002
300 ## - PHYSICAL DESCRIPTION
Extent 98 pages
538 ## - SYSTEM DETAILS NOTE
System details note Almirah No.66 Shelf No.6
942 ## - ADDED ENTRY ELEMENTS (KOHA)
Source of classification or shelving scheme
Koha item type Book
Call number prefix 891.427,BUT
Holdings
Withdrawn status Lost status Source of classification or shelving scheme Damaged status Not for loan Permanent Location Current Location Shelving location Date acquired Shelving control number Full call number Barcode Date last seen Price effective from Koha item type Public note
          Military College of Signals (MCS) Military College of Signals (MCS) General Stacks 12/12/2016 Urdu Literature 891.427,BUT MCS34149 12/08/2016 12/12/2016 Book Almirah No.65, Shelf No.3
© 2023 Central Library, National University of Sciences and Technology. All Rights Reserved.